000 00456nam a2200109Ia 4500
008 171204s9999 xx 000 0 und d
245 _aMultiple Access Communications: 9th International Workshop, MACOM 2016, Aalborg, Denmark, November 21-22, 2016, Proceedings
245 _cJimmy J. Nielsen, Nuno K. Pratas, and Tatiana K. Madsen
260 _c2016
650 _xINTRODUCTION TO COMMUNICATION THEORY
856 _uhttp://down.ebook777.com/060/3319513753.pdf
999 _c346083
_d346083